Starters pokemon - Statistiques

Statistiques générales
  • Ce quiz a été pris 311 fois
  • Le résultat moyen est 7 sur 17
Answers on the Grid
Answers color-coded by a green-red scale on the quiz's grid according to % correct below.
Brindibou
Kaiminus
Reptincel
Grenousse
Pyrobut
Ouisticram
Poussacha
Boskara
Lezargus
Matoufeu
Amphinobi
Macronium
Feurisson
Héricendre
Germignon
Feunnec
Gorythmic
Carapuce
Florizarre
Pikachu
Marisson
Flamiaou
Flambino
Grotichon
Roussil
Gruikui
Tiplouf
Moustillon
Poussifeu
Arcko
 
Statistiques - réponses
Réponse % Correct
Brindibou
84%
Kaiminus
73%
Grenousse
65%
Ouisticram
62%
Carapuce
47%
Poussacha
43%
Héricendre
42%
Germignon
41%
Feunnec
37%
Poussifeu
35%
Tiplouf
34%
Flamiaou
31%
Arcko
30%
Gruikui
29%
Moustillon
29%
Marisson
27%
Flambino
23%
Aucun quiz correspondant
Distribution des résultats
% des personnes avec chaque résultat
Percentile par nombre de réponses
Votre historique - résultats
Vous n’avez pas pris ce quiz